[Event "7ème édition de l'open B de Provence (<1"]
[Site "Salon de Provence"]
[Date "2016.07.09"]
[Round "1.1"]
[White "Loysel, Yves"]
[Black "Ulloa, Philippe"]
[Result "1-0"]
[WhiteElo "1646"]
[BlackElo "1351"]
[PlyCount "73"]
[EventDate "2016.??.??"]
[WhiteTeam "L'Echiquier du Roy René"]
[BlackTeam "Le Gambit Marseillais"]

1. e4 e5 2. Nf3 d6 3. d4 exd4 4. Nxd4 h6 5. Be2 Nf6 6. Nc3 Be7 7. Be3 a6 8. a4
O-O 9. O-O Re8 10. Qd2 Bf8 11. f3 c5 12. Nb3 Be6 13. Rad1 Qc7 14. Nd5 Bxd5 15.
exd5 Nbd7 16. c4 a5 17. Nc1 Nb6 18. b3 Re7 19. Rfe1 Rae8 20. Bd3 Nbd7 21. Qf2
Ne5 22. Bc2 Nfd7 23. Nd3 Ng6 24. h4 Nf6 25. Bd2 b6 26. Bc3 Ne5 27. Nxe5 dxe5
28. d6 Qb8 29. dxe7 Bxe7 30. Bxe5 Qc8 31. Bd6 Bxd6 32. Rxd6 Rf8 33. Red1 Qc7
34. Qd2 Ne8 35. Rd8 Qe7 36. Re1 Qxh4 37. Rexe8 1-0

[Event "7ème édition de l'open B de Provence (<1"]
[Site "Salon de Provence"]
[Date "2016.07.09"]
[Round "1.2"]
[White "Porte, Jacques"]
[Black "Mars, Theo"]
[Result "0-1"]
[WhiteElo "1346"]
[BlackElo "1640"]
[PlyCount "102"]
[EventDate "2016.??.??"]
[WhiteTeam "Cheval Marin d'Istres-Fos"]
[BlackTeam "CE Vitrolles"]

1. d4 d5 2. c4 c6 3. Nc3 Nf6 4. Nf3 e6 5. e3 Nbd7 6. Bd3 dxc4 7. Bxc4 b5 8. Bd3
a6 9. a3 c5 10. dxc5 Bxc5 11. b4 Be7 12. e4 Bb7 13. O-O O-O 14. Bg5 h6 15. Bh4
Rc8 16. Rc1 Re8 17. Re1 Nb6 18. e5 Nfd5 19. Bxe7 Rxe7 20. Nxd5 Nxd5 21. Qd2
Rec7 22. Rxc7 Rxc7 23. Be4 Qc8 24. Nd4 Rc4 25. Nb3 Qc7 26. Nc5 Kf8 27. f4 Ke7
28. g3 Qb6 29. Kg2 a5 30. Kh3 axb4 31. axb4 Qc7 32. Ra1 Qb6 33. Rd1 Bc6 34. Ra1
Qc7 35. Qe1 Nxb4 36. Na6 Nxa6 37. Rxa6 Rxe4 38. Qf2 Rc4 39. Ra7 Bb7 40. Qb2 Ra4
41. Rxa4 bxa4 42. Qb4+ Ke8 43. Qxa4+ Qd7 44. Qc2 g6 45. Qe2 Kf8 46. Qe3 Qd5 47.
Kg4 Qe4 48. Qc5+ Kg7 49. Kh4 Qg2 50. h3 Qf3 51. Qe7 Qh5# 0-1

[Event "7ème édition de l'open B de Provence (<1"]
[Site "Salon de Provence"]
[Date "2016.07.09"]
[Round "1.3"]
[White "Joyeux, Gerard"]
[Black "Piquemal, Maxence"]
[Result "1-0"]
[WhiteElo "1639"]
[BlackElo "1334"]
[PlyCount "77"]
[EventDate "2016.??.??"]
[WhiteTeam "Haute Bretagne Echecs"]
[BlackTeam "Marseille Echecs"]

1. d4 c5 2. d5 d6 3. e4 e5 4. Nf3 f5 5. Bb5+ Bd7 6. Bxd7+ Qxd7 7. Ng5 g6 8. Ne6
Ne7 9. Nxf8 Rxf8 10. Nc3 Nc8 11. O-O fxe4 12. Nxe4 Qf5 13. Ng5 Qd7 14. c4 Nb6
15. b3 a5 16. Ne4 Na6 17. Bg5 Nc8 18. Nf6+ Rxf6 19. Bxf6 Qf5 20. Bh4 g5 21.
Qh5+ Qg6 22. Qxg5 Qxg5 23. Bxg5 Kf7 24. Bd2 b6 25. f4 Ke7 26. fxe5 dxe5 27.
Bg5+ Kd6 28. Rf6+ Kc7 29. Rf7+ Kb8 30. Rxh7 Ra7 31. Rxa7 Kxa7 32. Bd2 Ne7 33.
Rf1 Ng6 34. Rf6 Nh8 35. Re6 Kb7 36. Rxe5 Kc7 37. Rg5 Nb4 38. Bxb4 axb4 39. Rg8
1-0

[Event "7ème édition de l'open B de Provence (<1"]
[Site "Salon de Provence"]
[Date "2016.07.09"]
[Round "1.4"]
[White "Ali Mohamed Al Zeaab"]
[Black "Boukerche, Nasser"]
[Result "0-1"]
[WhiteElo "1331"]
[BlackElo "1637"]
[PlyCount "62"]
[EventDate "2016.??.??"]
[BlackTeam "Cercle Echiquier Pertuisien"]

1. d4 Nf6 2. Nf3 e6 3. Bf4 Be7 4. e3 O-O 5. Bd3 b6 6. c4 Bb7 7. O-O d5 8. b3 c5
9. Nc3 Nbd7 10. Ne5 Nxe5 11. Bxe5 Nd7 12. Qh5 g6 13. Qg4 dxc4 14. bxc4 Nxe5 15.
dxe5 Qxd3 16. Ne2 Qe4 17. Qxe4 Bxe4 18. Rfd1 Rfd8 19. Nc3 Bc6 20. h3 Kg7 21. f4
Rxd1+ 22. Rxd1 Rd8 23. Kf2 f6 24. g3 h6 25. h4 Rxd1 26. Nxd1 g5 27. h5 b5 28.
cxb5 Bxb5 29. fxg5 fxg5 30. g4 c4 31. Nc3 Bc6 0-1

[Event "7ème édition de l'open B de Provence (<1"]
[Site "Salon de Provence"]
[Date "2016.07.09"]
[Round "1.5"]
[White "Graells, Christian"]
[Black "Denis, Karine"]
[Result "1-0"]
[WhiteElo "1612"]
[BlackElo "1270"]
[PlyCount "94"]
[EventDate "2016.??.??"]
[WhiteTeam "Club d'Echecs de Meyreuil"]
[BlackTeam "Marseille Passion Echecs"]

1. e4 d5 2. exd5 Qxd5 3. Nc3 Qa5 4. d3 c6 5. Nf3 Nd7 6. Bd2 Ngf6 7. Be2 e6 8.
Ne4 Qc7 9. g3 Be7 10. O-O Ne5 11. c4 O-O 12. Bc3 Nxf3+ 13. Bxf3 e5 14. Qc2 Bf5
15. b4 Rfd8 16. Rfe1 Rd7 17. Rad1 Nxe4 18. Bxe4 Bxe4 19. Rxe4 Bf6 20. Rde1 Re7
21. Qe2 Rae8 22. Qf3 g6 23. Qxf6 Re6 24. Qf3 f5 25. Rh4 Qf7 26. Bd2 Qf6 27. Rh6
Qg7 28. Bg5 e4 29. dxe4 Rxe4 30. Rxe4 Qa1+ 31. Kg2 Rxe4 32. Qd3 Rd4 33. Qe3 Rd8
34. Qe6+ Kg7 35. Qf6+ Qxf6 36. Bxf6+ Kxf6 37. Rxh7 Rd4 38. Rxb7 Rxc4 39. a3 f4
40. Rxa7 fxg3 41. hxg3 g5 42. Ra6 Rc2 43. b5 Kf5 44. Rxc6 Ra2 45. Ra6 Ke5 46.
a4 Kd5 47. b6 Kc6 1-0

[Event "7ème édition de l'open B de Provence (<1"]
[Site "Salon de Provence"]
[Date "2016.07.09"]
[Round "1.6"]
[White "Brenon, Stephane"]
[Black "Torelli, Roger"]
[Result "0-1"]
[WhiteElo "1245"]
[BlackElo "1589"]
[PlyCount "80"]
[EventDate "2016.??.??"]
[WhiteTeam "Salon Nostradamus"]
[BlackTeam "L'Echiquier du Roy René"]

1. c4 e5 2. Nc3 c5 3. d3 Nc6 4. Nf3 g6 5. e4 Bg7 6. g3 Nge7 7. Bg2 O-O 8. O-O
d6 9. h3 h6 10. Be3 f5 11. Qc2 Be6 12. b3 Qd7 13. Ne2 fxe4 14. dxe4 Bxh3 15.
Kh2 Bxg2 16. Kxg2 Nd4 17. Nfxd4 exd4 18. Bd2 d3 19. Qxd3 Bxa1 20. Rxa1 h5 21.
Rh1 Rf7 22. Rh4 Raf8 23. f4 Rh7 24. Qf3 Rff7 25. Bc3 b5 26. e5 Nf5 27. Qa8+ Rf8
28. Qd5+ Rhf7 29. Kf3 Nxh4+ 30. gxh4 Qg4+ 31. Ke3 Qh3+ 32. Kd2 Qf5 33. e6 Qxd5+
34. cxd5 Rxf4 35. Nxf4 Rxf4 36. e7 Kf7 37. Ke3 Rxh4 38. Be1 Rg4 39. Kf3 Kxe7
40. a3 Rd4 0-1

[Event "7ème édition de l'open B de Provence (<1"]
[Site "Salon de Provence"]
[Date "2016.07.09"]
[Round "1.7"]
[White "Jullien, Patrick"]
[Black "Zayed, Alsedrani"]
[Result "1-0"]
[WhiteElo "1583"]
[BlackElo "1241"]
[PlyCount "27"]
[EventDate "2016.??.??"]
[WhiteTeam "Cheval Marin d'Istres-Fos"]

1. e4 c6 2. d4 d5 3. Nc3 e6 4. Bd3 Nf6 5. e5 Nfd7 6. Nf3 Bb4 7. O-O O-O 8.
Bxh7+ Kxh7 9. Ng5+ Kg8 10. Qh5 Re8 11. Qxf7+ Kh8 12. Qh5+ Kg8 13. Qh7+ Kf8 14.
Qh8+ 1-0

[Event "7ème édition de l'open B de Provence (<1"]
[Site "Salon de Provence"]
[Date "2016.07.09"]
[Round "1.8"]
[White "Piquemal, Jean Christophe"]
[Black "Jonckers, Marie-Jeanne"]
[Result "0-1"]
[WhiteElo "1210"]
[BlackElo "1576"]
[PlyCount "22"]
[EventDate "2016.??.??"]
[WhiteTeam "Marseille Echecs"]

1. d4 e6 2. a3 d5 3. Nf3 Nf6 4. g3 c5 5. Nc3 Nc6 6. Bg2 Be7 7. O-O O-O 8. Re1
Qb6 9. b4 cxd4 10. Nxd4 Nxd4 11. Qxd4 Qxd4 0-1

[Event "7ème édition de l'open B de Provence (<1"]
[Site "Salon de Provence"]
[Date "2016.07.09"]
[Round "1.9"]
[White "Denis, Vincent"]
[Black "Pietrac, Christian"]
[Result "1-0"]
[WhiteElo "1570"]
[BlackElo "1201"]
[PlyCount "71"]
[EventDate "2016.??.??"]
[WhiteTeam "Marseille Passion Echecs"]
[BlackTeam "Club d'Echecs de Miramas"]

1. e4 d5 2. Nc3 e6 3. Nf3 d4 4. Ne2 Nc6 5. Ng3 Bc5 6. Bb5 Bd7 7. d3 f6 8. O-O
Nge7 9. a3 a6 10. Bc4 Na5 11. Ba2 Bb6 12. Nxd4 Bxd4 13. Qh5+ Ng6 14. Qxa5 b6
15. Qh5 Qe7 16. c3 Be5 17. f4 Bd6 18. d4 O-O-O 19. e5 fxe5 20. fxe5 Qh4 21.
Qxh4 Nxh4 22. exd6 c6 23. Bg5 Rdg8 24. Rf7 g6 25. Bf6 Nf5 26. Nxf5 gxf5 27.
Bxh8 Rxh8 28. Re1 h5 29. Bxe6 Bxe6 30. Rxe6 Rd8 31. Rc7+ Kb8 32. Rxc6 Rd7 33.
Re8+ Kb7 34. Rc7+ Rxc7 35. dxc7 Kxc7 36. Rf8 1-0

[Event "7ème édition de l'open B de Provence (<1"]
[Site "Salon de Provence"]
[Date "2016.07.09"]
[Round "1.10"]
[White "Al Mansoori, Nawaf Ali"]
[Black "Frailinu, Jean-Bernard"]
[Result "0-1"]
[WhiteElo "1199"]
[BlackElo "1483"]
[PlyCount "84"]
[EventDate "2016.??.??"]
[BlackTeam "Club d'Echecs de Miramas"]

1. d4 d5 2. Nf3 Nf6 3. Bf4 e6 4. e3 Bd6 5. Bg3 O-O 6. c4 c5 7. Nc3 a6 8. Be2
Nc6 9. cxd5 exd5 10. O-O Bxg3 11. hxg3 c4 12. Qd2 Re8 13. Rac1 Bf5 14. Nh4 Bd7
15. Rfd1 b5 16. a3 Ne7 17. Bf1 Nc6 18. Nf3 Na5 19. Qc2 Nb3 20. Rb1 Qc8 21. Nh4
g5 22. Nf3 Bf5 23. Qe2 Bxb1 24. Nxb1 h6 25. Nbd2 Nxd2 26. Qxd2 Ne4 27. Qb4 f6
28. Nd2 Qf5 29. Nxe4 Qxe4 30. Rc1 Qe6 31. Qa5 Qd6 32. Be2 Kg7 33. Bh5 Re7 34.
Qc3 f5 35. Be2 Qe6 36. Qb4 f4 37. gxf4 gxf4 38. Rc3 Rae8 39. Bh5 Rf8 40. Rc2
Qf6 41. exf4 Re4 42. Rd2 Re1+ 0-1

[Event "7ème édition de l'open B de Provence (<1"]
[Site "Salon de Provence"]
[Date "2016.07.09"]
[Round "1.11"]
[White "Bregier, Gerard"]
[Black "Mercier, Remi"]
[Result "1-0"]
[WhiteElo "1466"]
[BlackElo "1199"]
[PlyCount "85"]
[EventDate "2016.??.??"]
[WhiteTeam "Salon Nostradamus"]
[BlackTeam "Salon Nostradamus"]

1. d4 Nf6 2. Bf4 g6 3. e3 Bg7 4. Be2 O-O 5. Nf3 d6 6. h3 h6 7. Nc3 d5 8. Qd2
Ne4 9. Nxe4 dxe4 10. Ne5 b6 11. O-O-O Bb7 12. f3 Kh7 13. fxe4 Bxe4 14. Bf3 f5
15. Qf2 Qd5 16. b3 Nc6 17. c4 Qd6 18. Nxg6 Qxg6 19. Bxc7 Rac8 20. Bh2 Rcd8 21.
Bxe4 fxe4 22. Qg3 Qxg3 23. Bxg3 e6 24. a3 a5 25. Rhf1 Rg8 26. Bc7 Rd7 27. Bxb6
Bf8 28. a4 Bb4 29. g4 Rb8 30. c5 Kg6 31. Rf4 Re8 32. Rxe4 Kg5 33. Rh1 Ree7 34.
h4+ Kg6 35. Rf1 Rf7 36. Rxe6+ Kg7 37. Rxf7+ Rxf7 38. Rxc6 Re7 39. Rc7 Rxc7 40.
Bxc7 Ba3+ 41. Kc2 Bb4 42. c6 Be1 43. Bd8 1-0

[Event "7ème édition de l'open B de Provence (<1"]
[Site "Salon de Provence"]
[Date "2016.07.09"]
[Round "1.12"]
[White "Denis, Alexandra"]
[Black "Ribelles, Anthony"]
[Result "0-1"]
[WhiteElo "1189"]
[BlackElo "1411"]
[PlyCount "50"]
[EventDate "2016.??.??"]
[WhiteTeam "Marseille Passion Echecs"]
[BlackTeam "Echiquier Brignolais"]

1. e4 e5 2. Nf3 Nc6 3. Bc4 Bc5 4. Nc3 Nf6 5. d3 d6 6. h3 a6 7. Bg5 h6 8. Bh4 g5
9. Bg3 Na5 10. Nd2 Nxc4 11. Nxc4 Be6 12. Nd2 Qd7 13. O-O O-O-O 14. a3 h5 15. b4
Bd4 16. Ndb1 h4 17. Bh2 g4 18. hxg4 Bxg4 19. Qd2 Rdg8 20. Kh1 h3 21. g3 Bf3+
22. Kg1 Rxg3+ 23. Bxg3 h2+ 24. Bxh2 Qg4+ 25. Bg3 Qxg3# 0-1

[Event "7ème édition de l'open B de Provence (<1"]
[Site "Salon de Provence"]
[Date "2016.07.09"]
[Round "1.13"]
[White "Bartolomei, Romain"]
[Black "Hervy, Daniel"]
[Result "1-0"]
[WhiteElo "1407"]
[BlackElo "1183"]
[PlyCount "93"]
[EventDate "2016.??.??"]
[WhiteTeam "Marseille Passion Echecs"]
[BlackTeam "Echiquier Centre Vaucluse "]

1. e4 e6 2. d4 c5 3. c3 cxd4 4. cxd4 Nc6 5. Nf3 h6 6. a3 d5 7. e5 a6 8. Be2
Nge7 9. g4 Qb6 10. b4 Ng6 11. Nc3 Be7 12. Be3 Bd7 13. Qd2 Rc8 14. Bd3 Nxb4 15.
O-O Nxd3 16. Qxd3 O-O 17. Qd2 f5 18. exf6 Bxf6 19. g5 Qd6 20. gxf6 Rxf6 21. Ne1
Rcf8 22. Ng2 Rf3 23. Ne2 Rh3 24. f4 Ne7 25. Ng3 Nf5 26. Rf3 Nh4 27. Nxh4 Rxh4
28. Qf2 Rg4 29. Kh1 Bb5 30. Bd2 Rc8 31. Bb4 Qd8 32. Rc3 Bc4 33. Re1 Qf6 34. f5
Qxd4 35. Qxd4 Rxd4 36. fxe6 Re8 37. e7 b5 38. Rf3 Kh7 39. Rf8 Rxe7 40. Rxe7 Rd3
41. Nf5 Kg6 42. Rxg7+ Kh5 43. Ng3+ Kh4 44. Rh8 Rd1+ 45. Kg2 Bf1+ 46. Nxf1 Kh5
47. Ng3+ 1-0

[Event "7ème édition de l'open B de Provence (<1"]
[Site "Salon de Provence"]
[Date "2016.07.09"]
[Round "1.14"]
[White "Al Mazrouae, Abdulrahman"]
[Black "Duconseille, Doriane"]
[Result "1-0"]
[WhiteElo "1175"]
[BlackElo "1399"]
[PlyCount "33"]
[EventDate "2016.??.??"]
[BlackTeam "Echiquier Marseillais 1872"]

1. d4 Nf6 2. c4 d5 3. Nc3 g6 4. Bf4 Bg7 5. Nf3 c6 6. e3 Bf5 7. Bd3 Bxd3 8. Qxd3
Nbd7 9. O-O O-O 10. Rac1 Rc8 11. Rfe1 Nh5 12. Bg3 Nxg3 13. hxg3 Qc7 14. cxd5
cxd5 15. Nxd5 Qa5 16. Nxe7+ Kh8 17. Nxc8 1-0

[Event "7ème édition de l'open B de Provence (<1"]
[Site "Salon de Provence"]
[Date "2016.07.09"]
[Round "1.16"]
[White "Anas Ali, Al-Mansoori"]
[Black "Chabaud, Philippe"]
[Result "1-0"]
[WhiteElo "1159"]
[BlackElo "1398"]
[PlyCount "77"]
[EventDate "2016.??.??"]
[BlackTeam "CE Vitrolles"]

1. d4 d5 2. Nf3 Nf6 3. Bf4 e6 4. e3 Nc6 5. c4 Bb4+ 6. Nbd2 O-O 7. Be2 Bd7 8.
O-O Nh5 9. Be5 f6 10. Bg3 Nxg3 11. hxg3 a6 12. c5 e5 13. a3 Bxd2 14. Qxd2 e4
15. Nh2 a5 16. Qd1 a4 17. b3 axb3 18. Qxb3 Ne7 19. Qxb7 Bc6 20. Qb3 Rb8 21. Qc2
Qd7 22. a4 Rb4 23. a5 Rfb8 24. a6 Rb2 25. a7 Rxc2 26. axb8=Q+ Kf7 27. Bd1 Rc4
28. Bh5+ g6 29. Bg4 f5 30. Be2 Rc2 31. Bd1 Rc4 32. Bb3 Rc3 33. Rfc1 Rd3 34. Rd1
Bb5 35. Rxd3 exd3 36. Ra8 Ke6 37. Nf3 Qc8 38. Qxc8+ Nxc8 39. Rxc8 1-0

[Event "7ème édition de l'open B de Provence (<1"]
[Site "Salon de Provence"]
[Date "2016.07.09"]
[Round "1.17"]
[White "Guyard, Gerard"]
[Black "Mansoor Khaled Saqr"]
[Result "0-1"]
[WhiteElo "1394"]
[BlackElo "1121"]
[PlyCount "45"]
[EventDate "2016.??.??"]
[WhiteTeam "Club d'Echecs de Miramas"]

1. d4 d5 2. c4 Nf6 3. Nf3 Bf5 4. g3 e6 5. Bg2 Be7 6. O-O O-O 7. Nc3 c5 8. e3
dxc4 9. Ne5 Nc6 10. Nxc4 cxd4 11. Nb5 dxe3 12. Nxe3 Bd3 13. Re1 Bxb5 14. a3
Qxd1 15. Rxd1 Bc5 16. b4 Bxe3 17. Bxe3 Ba4 18. Re1 Ng4 19. Bf4 e5 20. Bg5 f6
21. Bc1 Nd4 22. Ra2 Bb3 23. Rb2 0-1

[Event "7ème édition de l'open B de Provence (<1"]
[Site "Salon de Provence"]
[Date "2016.07.09"]
[Round "1.18"]
[White "Salvi, Angele"]
[Black "Hambardzumyan, Ashot"]
[Result "0-1"]
[WhiteElo "1083"]
[BlackElo "1386"]
[PlyCount "50"]
[EventDate "2016.??.??"]
[WhiteTeam "Cercle d'Echecs Aubagnais"]
[BlackTeam "Marseille Echecs"]

1. e4 e5 2. Nf3 Nc6 3. d4 exd4 4. Nxd4 Bc5 5. Be3 Qf6 6. c3 Nge7 7. Bb5 a6 8.
Ba4 b5 9. Bc2 d5 10. f3 Bb7 11. exd5 Nxd5 12. Nf5 Nxe3 13. Nxe3 Bxe3 14. Qe2
Qe5 15. Be4 Qf4 16. Na3 O-O-O 17. Nc2 Bd2+ 18. Kf1 f5 19. Bxf5+ Qxf5 20. Ne3
Qf4 21. Kf2 Rhe8 22. Rhd1 Bxe3+ 23. Kf1 Bd2 24. Qf2 Qc4+ 25. Kg1 Be3 0-1

[Event "7ème édition de l'open B de Provence (<1"]
[Site "Salon de Provence"]
[Date "2016.07.09"]
[Round "1.19"]
[White "Roche, Alain"]
[Black "Meddouri-Bernard, Edouard"]
[Result "1-0"]
[WhiteElo "1372"]
[BlackElo "1070"]
[PlyCount "86"]
[EventDate "2016.??.??"]
[WhiteTeam "Echiquier Marseillais 1872"]
[BlackTeam "Echiquier Centre Vaucluse "]

1. e4 c5 2. Nf3 d6 3. d4 cxd4 4. Nxd4 Nf6 5. Nc3 a6 6. a3 e6 7. Bd3 Nc6 8. Be3
d5 9. exd5 Nxd5 10. O-O Nxe3 11. fxe3 Nxd4 12. exd4 Qxd4+ 13. Kh1 Qb6 14. Qf3
Qc7 15. Rae1 Bd6 16. Nd5 Qa5 17. Qxf7+ Kd8 18. Qxg7 Re8 19. Qf6+ Be7 20. Nxe7
Rxe7 21. Bc4 Qb6 22. Rd1+ Bd7 23. Qf8+ Re8 24. Rxd7+ Kxd7 25. Rd1+ Kc7 26. Qf7+
Kb8 27. Qxe8+ Ka7 28. Qf7 Qxb2 29. Bxe6 Qxc2 30. Rg1 Rd8 31. Bd5 Qb2 32. a4 Qb6
33. a5 Qb5 34. Bf3 Rd7 35. Qa2 Qb4 36. h3 Rd2 37. Qf7 h5 38. Qf5 Ra2 39. Rb1
Rb2 40. Rxb2 Qxb2 41. Qc5+ Kb8 42. Qd5 Ka7 43. Qxh5 Qa1+ 1-0

[Event "7ème édition de l'open B de Provence (<1"]
[Site "Salon de Provence"]
[Date "2016.07.09"]
[Round "1.20"]
[White "Saleh Jasim, Al-Blooshi"]
[Black "Maccagno, Gilbert"]
[Result "0-1"]
[WhiteElo "1069"]
[BlackElo "1356"]
[PlyCount "48"]
[EventDate "2016.??.??"]
[BlackTeam "Salon Nostradamus"]

1. Nf3 Nf6 2. b3 d6 3. Bb2 e5 4. e3 Be7 5. Be2 c6 6. d3 Nbd7 7. Nbd2 Qa5 8. O-O
O-O 9. Nc4 Qc7 10. e4 b5 11. Ne3 Re8 12. Nf5 Bf8 13. Qd2 Nc5 14. Qg5 Ne6 15.
Nh6+ Kh8 16. Qh4 Ng8 17. Nxe5 Nxh6 18. Nxc6 Qxc6 19. Qxh6 Qd7 20. Bg4 Kg8 21.
Qh3 Qe7 22. f4 Nc5 23. Bxg7 Bxg7 24. Bf5 Bxf5 0-1

[Event "7ème édition de l'open B de Provence (<1"]
[Site "Salon de Provence"]
[Date "2016.07.09"]
[Round "1.21"]
[White "Jackson, Sue"]
[Black "Mars, Florence"]
[Result "1-0"]
[WhiteElo "1351"]
[BlackElo "1068"]
[PlyCount "34"]
[EventDate "2016.??.??"]
[WhiteTeam "Gondrin Echecs Loisirs"]
[BlackTeam "CE Vitrolles"]

1. d4 Nf6 2. c4 e5 3. dxe5 Ng4 4. Bf4 Bc5 5. e3 Nc6 6. Nf3 d6 7. exd6 Bxd6 8.
Bxd6 Qxd6 9. Qxd6 cxd6 10. Be2 O-O 11. O-O Be6 12. Nc3 Nge5 13. Nxe5 Nxe5 14.
b3 Rac8 15. Nb5 Nxc4 16. bxc4 Bxc4 17. Bxc4 Rxc4 1-0